| 000 | 00883nac a22002411u 4500 | ||
|---|---|---|---|
| 010 | _a 62053174 | ||
| 035 | _a(OCoLC)475479 | ||
| 082 |
_a658.8005 _bB4656 |
||
| 090 |
_c3615 _d3615 |
||
| 100 | _a20080729 | ||
| 110 | 2 | _aFood and Agriculture Organization of the United Nations. | |
| 245 | 1 | 0 |
_aMarketing; _bits role in increasing productivity. _cWith contributions by S. Bethke [and others] |
| 260 |
_aRome, _c1962. |
||
| 300 |
_a115p. _billus. _c23cm. |
||
| 490 | 0 |
_aFreedom from hunger campaign. Basic study _vno. 4 |
|
| 500 | _aDonations. | ||
| 500 | _aDonations - Bibliotheca Alexandrina. | ||
| 650 | 0 | _aProduce trade | |
| 650 | 0 |
_aFarm produce _xMarketing |
|
| 700 | 1 | _aBethke, S. | |
| 942 |
_cBB _k658.8005B4656 |
||
| 999 |
_c3615 _d3615 |
||